00371nam a2200133Ia 4500003000400000005001700004008004100021040000900062082002000071100001700091245007400108260004500182300001000227OSt20201209120037.0190216s9999||||xx |||||||||||||| ||und|| coclc a344.5407bAGA/L aAgarwal, R D 0aLaw Of Education And Educational Institutions In India /cR D Agarwal bThe Law Book Company,c1988.aAllahabad: a2431p